00425nam a2200169Ia 450000500170000000800410001702000220005804100080008008200150008810000120010324500270011526000370014230000080017950000280018765000280021570000120024320251120192537.0230125s9999 xx 000 0 und d a978-81-905655-8-5 aeng a158.1bHAY aHay L L aYou can heal your life c2005bHay House IndiaaNew Delhi a98p aPersonality Development aPersonality Development aHay L L